[Event "2nd American Continental"]
[Site "Buenos Aires ARG"]
[Date "2003.08.28"]
[Round "10"]
[White "Flores, Diego"]
[Black "Sagalchik, Gennady"]
[Result "1-0"]
[WhiteElo "2439"]
[BlackElo "2491"]
[EventDate "2003.08.17"]
[PlyCount "149"]

1.e4 e5 2.Nf3 Nc6 3.Bb5 a6 4.Ba4 Nf6 5.O-O Nxe4 6.d4 b5 7.Bb3 d5 8.dxe5 
Be6 9.Nbd2 Nc5 10.c3 Bg4 11.Bc2 Qd7 12.Re1 Rd8 13.Nb3 Ne6 14.a4 Bh5 15.
axb5 axb5 16.Bd3 Rb8 17.Qe2 Ne7 18.Be3 Ng6 19.Nbd4 Nxd4 20.cxd4 Nh4 21.Bg5
Nxf3+ 22.gxf3 Bb4 23.e6 fxe6 24.Qxe6+ Qxe6 25.Rxe6+ Kf7 26.Re5 Bg6 27.Bf1 
Bd6 28.Rxd5 Ke6 29.Rxb5 Rxb5 30.Bxb5 Kd5 31.Ra5 Rb8 32.Be2+ Ke6 33.Bc4+ 
Kd7 34.b3 Bc2 35.Rb5 Rf8 36.Kg2 Kc6 37.Ra5 Rb8 38.Bd5+ Kd7 39.Be4 Bxb3 40.
Bxh7 Bb4 41.Re5 Bd6 42.Re3 Be6 43.Be4 Rb5 44.h4 Bb4 45.Bc6+ Kxc6 46.Rxe6+ 
Kd7 47.Rg6 Bf8 48.Kg3 Rd5 49.Be3 Ke7 50.Rg5 Rd7 51.Kg4 Kf7 52.h5 Be7 53.
Rf5+ Kg8 54.d5 Bf6 55.Bf4 Kh7 56.Bg3 Kg8 57.h6 Kh7 58.Bf4 Kg6 59.Rh5 gxh6 
60.Rxh6+ Kg7 61.Kf5 Rxd5+ 62.Ke6 Bg5 63.Kxd5 Bxh6 64.Be3 Kg6 65.Ke6 Bg5 
66.f4 Bh4 67.f5+ Kg7 68.Bd4+ Kh7 69.f6 Bg5 70.f7 Bh6 71.f4 Bf8 72.f5 c5 
73.Bc3 Kh6 74.Kd7 Kg5 75.Ke8 1-0

[Event "2nd American Continental"]
[Site "Buenos Aires ARG"]
[Date "2003.08.28"]
[Round "10"]
[White "Frey Perez, Hugo"]
[Black "Lafuente, Pablo"]
[Result "0-1"]
[WhiteElo "2342"]
[BlackElo "2431"]
[EventDate "2003.08.17"]
[PlyCount "38"]

1.c4 e5 2.g3 f5 3.Bg2 Nf6 4.Nc3 Bb4 5.Nd5 Nxd5 6.cxd5 O-O 7.Qb3 Ba5 8.d6+ 
Kh8 9.Bxb7 Bxb7 10.Qxb7 Nc6 11.dxc7 Qf6 12.Qa6 f4 13.f3 Bxc7 14.Kf2 Bb6+ 
15.Kg2 Nd4 16.b3 Nc2 17.Rb1 Ne1+ 18.Kf1 fxg3 19.hxg3 Qg6 0-1

[Event "2nd American Continental"]
[Site "Buenos Aires ARG"]
[Date "2003.08.28"]
[Round "10"]
[White "Iregui, Victor"]
[Black "Romero, Leandro"]
[Result "1/2-1/2"]
[WhiteElo "2151"]
[BlackElo "2096"]
[EventDate "2003.08.17"]
[PlyCount "71"]

1.f4 d5 2.Nf3 c5 3.g3 Nc6 4.Bg2 g6 5.O-O Bg7 6.d3 Bg4 7.Nc3 e6 8.h3 Bxf3 
9.Bxf3 Nge7 10.e4 Nd4 11.Bg2 b5 12.exd5 exd5 13.Re1 O-O 14.Ne2 Ndc6 15.g4 
Re8 16.Ng3 Qc7 17.c3 b4 18.Bd2 Rab8 19.Qf3 bxc3 20.bxc3 Rb2 21.Re2 Rxd2 
22.Rxd2 Bxc3 23.Rad1 Nd4 24.Qf1 Bxd2 25.Rxd2 Qd7 26.f5 Qd6 27.fxg6 hxg6 
28.Ne2 Nec6 29.Nf4 Re5 30.Rf2 Qd7 31.Nxg6 Rg5 32.Nf4 Nd8 33.Nh5 Qe6 34.Nf4
Qd6 35.Nh5 Qe6 36.Nf4 1/2-1/2

[Event "2nd American Continental"]
[Site "Buenos Aires ARG"]
[Date "2003.08.28"]
[Round "10"]
[White "Kanefsck, Gustavo"]
[Black "Tempone, Marcelo"]
[Result "1/2-1/2"]
[WhiteElo "2389"]
[BlackElo "2437"]
[EventDate "2003.08.17"]
[PlyCount "27"]

1.e4 e5 2.Nf3 Nf6 3.Nxe5 d6 4.Nf3 Nxe4 5.d4 Nf6 6.Bd3 Bg4 7.O-O Be7 8.Re1 
O-O 9.h3 Bh5 10.Nbd2 Re8 11.Nf1 Bg6 12.Ng3 Bxd3 13.Qxd3 g6 14.Bd2 1/2-1/2

[Event "2nd American Continental"]
[Site "Buenos Aires ARG"]
[Date "2003.08.28"]
[Round "10"]
[White "Kudrin, Sergey"]
[Black "Gomez Baillo, Jorge"]
[Result "1-0"]
[WhiteElo "2538"]
[BlackElo "2429"]
[EventDate "2003.08.17"]
[PlyCount "43"]

1.e4 c6 2.d4 d5 3.Nc3 dxe4 4.Nxe4 Bf5 5.Ng3 Bg6 6.h4 h6 7.Nf3 Nf6 8.Ne5 
Bh7 9.Bd3 Bxd3 10.Qxd3 e6 11.Bd2 Nbd7 12.f4 Be7 13.O-O-O c5 14.Qb5 Qc7 15.
f5 a6 16.Qd3 Nxe5 17.dxe5 c4 18.Qf3 Nd5 19.fxe6 fxe6 20.Qh5+ Kd7 21.Qg4 
Qc6 22.Ba5 1-0

[Event "2nd American Continental"]
[Site "Buenos Aires ARG"]
[Date "2003.08.28"]
[Round "10"]
[White "Lanza, Diego"]
[Black "Caceres Vasquez, Sergio"]
[Result "1/2-1/2"]
[WhiteElo "2067"]
[BlackElo "2201"]
[EventDate "2003.08.17"]
[PlyCount "69"]

1.e4 c5 2.Nc3 e6 3.g3 d5 4.d3 dxe4 5.dxe4 Qxd1+ 6.Nxd1 Nc6 7.Bg2 Nf6 8.c3 
Bd7 9.f3 O-O-O 10.Be3 Be7 11.Nf2 Ne5 12.b3 Bb5 13.c4 Bc6 14.Ngh3 Rd7 15.
Ke2 Rhd8 16.Rhd1 h6 17.Nf4 Rxd1 18.Rxd1 Rxd1 19.Kxd1 Nfd7 20.Ke2 b6 21.
N4d3 Bb7 22.Nxe5 Nxe5 23.Nd3 Nxd3 24.Kxd3 Bf6 25.h4 Kc7 26.Bh3 Ba1 27.f4 
e5 28.f5 f6 29.Bg4 Bd4 30.Bh5 Bxe3 31.Kxe3 Bc6 32.Bf7 a6 33.a4 b5 34.a5 b4
35.h5 1/2-1/2

[Event "2nd American Continental"]
[Site "Buenos Aires ARG"]
[Date "2003.08.28"]
[Round "10"]
[White "Leeuw, Pablo Gabriel"]
[Black "Benko, Francisco"]
[Result "1/2-1/2"]
[WhiteElo "2110"]
[BlackElo "2142"]
[EventDate "2003.08.17"]
[PlyCount "51"]

1.e4 e5 2.Nf3 d6 3.d4 Nd7 4.Bc4 c6 5.a4 Be7 6.O-O h6 7.dxe5 dxe5 8.b3 Ngf6
9.Qe2 O-O 10.Rd1 Qc7 11.Nh4 Nb6 12.Ng6 Nxc4 13.Qxc4 Re8 14.Nxe7+ Qxe7 15.
Ba3 Qe6 16.Qe2 Qg4 17.f3 Qg6 18.Nd2 Nh5 19.Kh1 Be6 20.Nf1 Rad8 21.Rxd8 
Rxd8 22.Rd1 Re8 23.Qf2 a6 24.Ng3 Nxg3+ 25.Qxg3 Qxg3 26.hxg3 1/2-1/2

[Event "2nd American Continental"]
[Site "Buenos Aires ARG"]
[Date "2003.08.28"]
[Round "10"]
[White "Lemos, Damian"]
[Black "Soppe, Guillermo"]
[Result "1/2-1/2"]
[WhiteElo "2206"]
[BlackElo "2467"]
[EventDate "2003.08.17"]
[PlyCount "77"]

1.d4 Nc6 2.Nf3 d5 3.Bf4 Bg4 4.e3 e6 5.Nbd2 Bd6 6.Bg3 Bxg3 7.hxg3 e5 8.dxe5
Nxe5 9.Be2 Nd7 10.c4 dxc4 11.Nxc4 Qe7 12.Qd4 Ngf6 13.Nce5 Nxe5 14.Qxe5 Be6
15.O-O O-O 16.Nd4 Rfe8 17.Nxe6 fxe6 18.Rfd1 Rad8 19.Bc4 Rd6 20.Rd4 Rxd4 
21.Qxd4 c5 22.Qe5 Nd7 23.Qe4 Nf6 24.Qe5 Nd7 25.Qe4 Nf8 26.Rd1 b6 27.Qe5 
Qf6 28.Qxf6 gxf6 29.Kf1 Kf7 30.Ke2 Ke7 31.Rh1 Kf7 32.Rd1 Rb8 33.Bb5 Ke7 
34.Rh1 Rb7 35.g4 Kf7 36.Rd1 Rb8 37.f3 Rc8 38.Ba6 Rc7 39.Bb5 1/2-1/2

[Event "2nd American Continental"]
[Site "Buenos Aires ARG"]
[Date "2003.08.28"]
[Round "10"]
[White "Leon Hoyos, Manuel"]
[Black "Vera Insfran, Jorge"]
[Result "1-0"]
[WhiteElo "2281"]
[BlackElo "2189"]
[EventDate "2003.08.17"]
[PlyCount "143"]

1.e4 c5 2.Nf3 d6 3.d4 cxd4 4.Nxd4 Nf6 5.Nc3 g6 6.Be3 Bg7 7.f3 O-O 8.Qd2 
Nc6 9.O-O-O d5 10.Kb1 Nxd4 11.e5 Nd7 12.Bxd4 e6 13.f4 f6 14.exf6 Nxf6 15.
Be2 Ne8 16.Bxg7 Nxg7 17.g4 Qh4 18.Qe3 Bd7 19.Rhg1 Rae8 20.Rdf1 Qf6 21.Qxa7
Ra8 22.Qb6 Bc6 23.Bd3 e5 24.fxe5 Qxe5 25.h3 Ne6 26.Re1 Qd6 27.Nb5 Qd7 28.
Nd4 Nf4 29.Rg3 Rae8 30.Rd1 Nxd3 31.Rgxd3 Rf4 32.b3 Rf6 33.Qc5 Qe7 34.Qa5 
Rf2 35.R3d2 Qe3 36.Rxf2 Qxf2 37.Kb2 Qf7 38.Qc3 Qg7 39.Nxc6 bxc6 40.Qxg7+ 
Kxg7 41.Kc3 Re4 42.a4 Kf7 43.a5 Ke7 44.a6 Kd6 45.Ra1 Re8 46.Kb4 Rb8+ 47.
Kc3 Kc5 48.b4+ Kb6 49.Kd4 h5 50.g5 Ka7 51.c3 Re8 52.Kc5 Re3 53.Rc1 Re6 54.
Rf1 Re3 55.Kxc6 Rxc3+ 56.Kb5 Rc7 57.Rd1 Rd7 58.Kc6 Rf7 59.b5 Rf3 60.b6+ 
Ka8 61.Rxd5 Rc3+ 62.Rc5 Rxh3 63.Kc7 Rb3 64.Re5 Rc3+ 65.Kd6 Rd3+ 66.Kc5 Rd8
67.Re7 h4 68.Rh7 h3 69.Rxh3 Rg8 70.Rh6 Kb8 71.Kb5 Rf8 72.a7+ 1-0

[Event "2nd American Continental"]
[Site "Buenos Aires ARG"]
[Date "2003.08.28"]
[Round "10"]
[White "Llanos, Guillermo"]
[Black "Restuccia, Francisco"]
[Result "1-0"]
[WhiteElo "2398"]
[BlackElo "2239"]
[EventDate "2003.08.17"]
[PlyCount "67"]

1.Nf3 Nf6 2.c4 c5 3.g3 g6 4.Bg2 Bg7 5.O-O O-O 6.d4 cxd4 7.Nxd4 Nc6 8.Nc3 
Qb6 9.Nc2 d6 10.b3 Qa5 11.Nd5 Nxd5 12.cxd5 Ne5 13.Bd2 Qa6 14.Nb4 Qb6 15.h3
Nd7 16.Rc1 Nc5 17.Nc2 Qa6 18.Nb4 Qa3 19.Rc4 b5 20.Bc1 Qa5 21.Nc6 Qc7 22.
Rxc5 dxc5 23.Nxe7+ Qxe7 24.d6 Qe8 25.Bxa8 Bxh3 26.Bg2 Bxg2 27.Kxg2 Qc6+ 
28.Kg1 Be5 29.Be3 Bxd6 30.Qc2 Re8 31.Rc1 Re5 32.Qd2 Rd5 33.Qa5 Qb6 34.Qc3 
1-0

[Event "2nd American Continental"]
[Site "Buenos Aires ARG"]
[Date "2003.08.28"]
[Round "10"]
[White "Lo Presti, Roberto"]
[Black "Morinongeli, Martin"]
[Result "1-0"]
[WhiteElo "2042"]
[BlackElo "2143"]
[EventDate "2003.08.17"]
[PlyCount "65"]

1.e4 c5 2.Nf3 e6 3.d4 cxd4 4.Nxd4 a6 5.c4 Nf6 6.Bd3 Qc7 7.O-O d6 8.Qe2 g6 
9.Nc3 Bg7 10.Be3 O-O 11.f4 b6 12.Rac1 Bb7 13.f5 exf5 14.exf5 Re8 15.Nc2 
Nbd7 16.Qd2 Nc5 17.Bd4 Qd8 18.Rcd1 Rc8 19.Qf4 Nh5 20.Qg4 Bxd4+ 21.Nxd4 
Nxd3 22.Rxd3 Rxc4 23.fxg6 fxg6 24.Qd1 Qg5 25.Nf3 Qc5+ 26.Kh1 Rd8 27.Qd2 
Ng7 28.Ng5 Bc8 29.Nce4 Qc7 30.Nf6+ Kh8 31.Rxd6 Rf8 32.Rd8 Qe7 33.Qd6 1-0

[Event "2nd American Continental"]
[Site "Buenos Aires ARG"]
[Date "2003.08.28"]
[Round "10"]
[White "Luconi, Cristian"]
[Black "Needleman, Alejandro"]
[Result "0-1"]
[WhiteElo "2115"]
[BlackElo "2434"]
[EventDate "2003.08.17"]
[PlyCount "52"]

1.d4 Nf6 2.Nf3 d6 3.Bg5 Nbd7 4.Nbd2 e5 5.dxe5 dxe5 6.e4 Bc5 7.Bc4 O-O 8.
O-O Qe7 9.c3 a5 10.a4 Rd8 11.Qc2 Nf8 12.Bh4 Ng6 13.Bg3 Nh5 14.Rfe1 Bg4 15.
Qb3 b6 16.Rad1 Rd6 17.Nf1 Bxf3 18.gxf3 Rf6 19.Rd2 Nxg3 20.hxg3 Rxf3 21.Qd1
Qf6 22.Ree2 Qg5 23.Rd7 Rf8 24.Kh2 Bxf2 25.Red2 Qh5+ 26.Kg2 Nf4+ 0-1

[Event "2nd American Continental"]
[Site "Buenos Aires ARG"]
[Date "2003.08.28"]
[Round "10"]
[White "Lujan, Carolina"]
[Black "Morovic Fernandez, Ivan"]
[Result "0-1"]
[WhiteElo "2263"]
[BlackElo "2573"]
[EventDate "2003.08.17"]
[PlyCount "108"]

1.e4 c5 2.Nf3 d6 3.d4 cxd4 4.Nxd4 Nf6 5.Nc3 a6 6.Be2 e6 7.a4 Nc6 8.O-O Bd7
9.f4 Nxd4 10.Qxd4 Bc6 11.Bf3 Be7 12.a5 O-O 13.Be3 Rc8 14.Rfd1 Nd7 15.Qd2 
Qc7 16.Qf2 Rfe8 17.Kh1 Bf8 18.Ne2 g6 19.Nd4 e5 20.Nxc6 Qxc6 21.c3 exf4 22.
Bxf4 Ne5 23.Bxe5 Rxe5 24.Rd5 Rxd5 25.exd5 Qc7 26.Qe2 Bg7 27.Bg4 Rb8 28.Ra4
Be5 29.Bf3 Re8 30.g3 Qd8 31.Qd2 Kg7 32.Kg2 h5 33.Rb4 Re7 34.Rb6 Kf8 35.Qg5
Kg7 36.Qh4 Rd7 37.Qb4 Qc8 38.Be2 Rc7 39.Bd3 Qd7 40.Be2 Qe7 41.Bf3 Qg5 42.
Rxb7 Qd2+ 43.Kf1 Qc1+ 44.Kg2 Qc2+ 45.Kf1 Qb1+ 46.Kg2 Bxc3 47.Qb6 Rxb7 48.
Qxb7 Qc2+ 49.Kh3 Qf2 50.bxc3 Qf1+ 51.Kh4 Qxf3 52.Qb4 f6 53.Qc4 Qg2 54.h3 
g5+ 0-1

[Event "2nd American Continental"]
[Site "Buenos Aires ARG"]
[Date "2003.08.28"]
[Round "10"]
[White "Mahia, Gustavo"]
[Black "Huertas Soris, Ramon"]
[Result "1-0"]
[WhiteElo "2377"]
[BlackElo "2288"]
[EventDate "2003.08.17"]
[PlyCount "115"]

1.e4 e6 2.d4 d5 3.Nc3 Bb4 4.e5 c5 5.a3 Bxc3+ 6.bxc3 Nc6 7.Qg4 g6 8.a4 Qa5 
9.Bd2 c4 10.h4 h5 11.Qe2 Bd7 12.Nf3 O-O-O 13.g3 Nce7 14.Bg2 Kb8 15.O-O Rc8
16.Rfb1 Bc6 17.Bc1 Nf5 18.Qd2 Ngh6 19.Ba3 Ka8 20.Bb4 Qc7 21.Ng5 Qd7 22.a5 
Bb5 23.Qc1 Ba6 24.Qa3 Ng7 25.Bf3 Ne8 26.Kg2 Nc7 27.Be2 Nb5 28.Qc1 Nc7 29.
Qf4 Ne8 30.Rh1 Rc7 31.Kf1 Qd8 32.Ke1 Rd7 33.Kd2 Bb5 34.Bc5 Bc6 35.Rhb1 Nc7
36.Bf1 Qg8 37.Bh3 Nf5 38.Rh1 Qg7 39.Rag1 Na6 40.Ba3 Nc7 41.f3 Qh6 42.Ke2 
Ng7 43.Bc1 Nf5 44.g4 hxg4 45.fxg4 Nxh4 46.Qg3 Qf8 47.Bf1 Nb5 48.Bg2 f6 49.
exf6 Qxf6 50.Rxh4 Rxh4 51.Qxh4 e5 52.Nf3 Qxh4 53.Nxh4 exd4 54.Nxg6 dxc3 
55.Bf4 Nd4+ 56.Kf2 Ne6 57.Rh1 a6 58.Rh8+ 1-0

[Event "2nd American Continental"]
[Site "Buenos Aires ARG"]
[Date "2003.08.28"]
[Round "10"]
[White "Malbran, Guillermo"]
[Black "Cerda Albornoz, Guillermo"]
[Result "1-0"]
[WhiteElo "2345"]
[BlackElo "2224"]
[EventDate "2003.08.17"]
[PlyCount "135"]

1.e4 e5 2.Nf3 Nf6 3.Nc3 Nc6 4.Bb5 d6 5.d4 Bd7 6.O-O Be7 7.dxe5 dxe5 8.Bxc6
Bxc6 9.Qe2 Bd6 10.Rd1 Qe7 11.Bg5 h6 12.Bxf6 Qxf6 13.Nd5 Bxd5 14.Rxd5 c6 
15.Rd3 O-O 16.Rad1 Rfd8 17.Qe1 Bc7 18.Rd7 Rxd7 19.Rxd7 Bb6 20.Rd3 Rd8 21.
Rxd8+ Bxd8 22.Qd2 Bb6 23.Qd7 Qf4 24.Qc8+ Kh7 25.Qf5+ Qxf5 26.exf5 Bc7 27.
Nd2 g6 28.g4 gxf5 29.gxf5 Kg7 30.Ne4 Bd8 31.Kg2 Bg5 32.Kf3 Bc1 33.b3 Ba3 
34.Kg4 f6 35.Kh5 b6 36.c3 Bf8 37.Kg4 Ba3 38.b4 a6 39.h4 a5 40.bxa5 bxa5 
41.h5 Kf7 42.Kf3 Ke7 43.Ke2 Bd6 44.f3 Bc7 45.Nf2 Kf7 46.Ng4 Kg7 47.Kd3 Bb6
48.Kc4 Bg1 49.Kb3 Bb6 50.Ka4 Bd8 51.Ne3 Kf7 52.Nc4 Ke7 53.Nxa5 Kd7 54.Nc4 
Be7 55.Ka5 Bc5 56.a4 Kc7 57.Ka6 Bf2 58.Nd2 Bc5 59.Ne4 Be7 60.a5 Bd8 61.Nc5
Kb8 62.Ne6 Be7 63.Kb6 Ba3 64.a6 Bd6 65.Kxc6 Ba3 66.Nc7 Bc1 67.Nd5 Ka7 68.
Kb5 1-0

[Event "2nd American Continental"]
[Site "Buenos Aires ARG"]
[Date "2003.08.28"]
[Round "10"]
[White "Manzone, Alessandro jr"]
[Black "Burijovich, Liliana"]
[Result "1-0"]
[WhiteElo "2119"]
[BlackElo "2195"]
[EventDate "2003.08.17"]
[PlyCount "133"]

1.d4 Nf6 2.c4 g6 3.Nc3 Bg7 4.Nf3 O-O 5.g3 d6 6.Bg2 Nbd7 7.O-O e5 8.e4 exd4
9.Nxd4 Re8 10.h3 a6 11.Re1 Rb8 12.Bf4 Nh5 13.Be3 Ne5 14.b3 c5 15.Nde2 b5 
16.cxb5 axb5 17.f4 b4 18.Nd5 Nd7 19.Rc1 f5 20.exf5 gxf5 21.Kh2 Kh8 22.Ng1 
Nhf6 23.Nf3 Nxd5 24.Ng5 Rf8 25.Bxd5 Qf6 26.Qh5 h6 27.Ne6 Nb6 28.Nxf8 Nxd5 
29.Ng6+ Kh7 30.Nh4 Bd7 31.Ng2 Nc3 32.Bg1 Ra8 33.Rc2 Bc6 34.Qh4 Qf7 35.Re7 
Qd5 36.Qf6 Rg8 37.g4 fxg4 38.hxg4 Kh8 39.Qf5 Qxf5 40.gxf5 Bf8 41.Ra7 Be4 
42.Rd2 Bxf5 43.Ne3 Be4 44.Bf2 Nb5 45.Rd7 Nd4 46.Kh3 Nf3 47.Rd1 d5 48.R1xd5
Bxd5 49.Nxd5 Rg6 50.f5 Rd6 51.Rxd6 Bxd6 52.Kg4 Nd4 53.Be3 h5+ 54.Kxh5 Nxf5
55.Kg5 Ng3 56.Kf6 Ne4+ 57.Ke6 Kg7 58.Nb6 Bc7 59.Na4 Nc3 60.Nxc3 bxc3 61.
Bxc5 Bf4 62.Bd4+ Kf8 63.Bxc3 Ke8 64.Be5 Bd2 65.Bc7 Bb4 66.a4 Bc5 67.Kd5 
1-0

[Event "2nd American Continental"]
[Site "Buenos Aires ARG"]
[Date "2003.08.28"]
[Round "10"]
[White "Marcolino, Antonio Claudio"]
[Black "Urchipia, Carlos Daniel"]
[Result "0-1"]
[WhiteElo "2122"]
[BlackElo "2173"]
[EventDate "2003.08.17"]
[PlyCount "80"]

1.d4 Nf6 2.c4 c5 3.d5 e6 4.Nc3 exd5 5.cxd5 d6 6.e4 g6 7.f4 Bg7 8.Bb5+ Nfd7
9.a4 O-O 10.Nf3 a6 11.Be2 Re8 12.Qc2 Nf6 13.O-O Bg4 14.Bd3 Bxf3 15.Rxf3 
Nbd7 16.Bd2 Qc7 17.Raf1 c4 18.Be2 b5 19.axb5 axb5 20.Kh1 Qb7 21.e5 Nxd5 
22.Qe4 N7f6 23.Qd4 Nxc3 24.Bxc3 Ne4 25.Re3 Nxc3 26.bxc3 dxe5 27.fxe5 Rad8 
28.Qf4 Qc7 29.Bg4 Bxe5 30.Qg5 Rd3 31.h4 Kg7 32.Rfe1 Bf4 33.Rxe8 Bxg5 34.
hxg5 Qg3 35.Bh3 Rxc3 36.R1e7 Qxg5 37.Rc7 Qg3 38.Rce7 Qh4 39.Kh2 Qf4+ 40.
Kh1 Rc2 0-1

[Event "2nd American Continental"]
[Site "Buenos Aires ARG"]
[Date "2003.08.28"]
[Round "10"]
[White "Marcolino, Daniel Mattos"]
[Black "Hernandez Lagos, Hector"]
[Result "1-0"]
[WhiteElo "2055"]
[BlackElo "2200"]
[EventDate "2003.08.17"]
[PlyCount "100"]

1.d4 Nf6 2.c4 g6 3.Nc3 Bg7 4.e4 d6 5.Nge2 O-O 6.Ng3 e5 7.d5 Nbd7 8.Be2 a5 
9.h4 h5 10.Bg5 Qe8 11.Nb5 Qd8 12.Bxh5 gxh5 13.Nxh5 Kh7 14.Qf3 Rh8 15.Rh3 
Kg8 16.Nxg7 Kxg7 17.Rg3 Kf8 18.Qf5 Rh5 19.Rf3 Nc5 20.Qxf6 Qxf6 21.Rxf6 
Nxe4 22.Rh6 Rxh6 23.Bxh6+ Kg8 24.Nxc7 Rb8 25.f3 Nf6 26.Nb5 Ne8 27.Kd2 Bd7 
28.Nc3 b5 29.Nxb5 Bxb5 30.cxb5 Rxb5 31.Kc2 Rxd5 32.g4 Rc5+ 33.Kb3 d5 34.
Ka4 Nd6 35.Rc1 Nc4 36.b3 Nb6+ 37.Ka3 Rb5 38.Bg5 d4 39.Bf6 Nd7 40.Be7 d3 
41.Rd1 Rd5 42.Kb2 f6 43.Kc3 Kf7 44.Ba3 Ke6 45.Rxd3 Rxd3+ 46.Kxd3 f5 47.g5 
Nb6 48.b4 axb4 49.Bxb4 Nd5 50.h5 Ne7 1-0

[Event "2nd American Continental"]
[Site "Buenos Aires ARG"]
[Date "2003.08.28"]
[Round "10"]
[White "Martinez Garcia, Jose Joaquin"]
[Black "Toloza Soto, Pablo"]
[Result "0-1"]
[WhiteElo "2172"]
[BlackElo "2374"]
[EventDate "2003.08.17"]
[PlyCount "62"]

1.d4 Nf6 2.c4 c5 3.d5 b5 4.cxb5 a6 5.bxa6 Bxa6 6.Nc3 g6 7.Nf3 Bg7 8.g3 d6 
9.Bg2 O-O 10.O-O Nbd7 11.Qc2 Ra7 12.Rd1 Qa8 13.h4 Rb8 14.Rb1 Ne8 15.e4 Bc8
16.a3 Nb6 17.Nd2 c4 18.b4 cxb3 19.Rxb3 Rc7 20.Bb2 Bd7 21.Qd3 Bxc3 22.Rxc3 
Na4 23.Rxc7 Nxb2 24.Qd4 Nxc7 25.Rc1 Ne8 26.Rc3 Na4 27.Rf3 Qb7 28.Nc4 Nb2 
29.e5 Nxc4 30.Qxc4 dxe5 31.Qe4 Qb1+ 0-1

[Event "2nd American Continental"]
[Site "Buenos Aires ARG"]
[Date "2003.08.28"]
[Round "10"]
[White "Mazziotti Irigoyen, Gabriel"]
[Black "Alvarez, Hector"]
[Result "0-1"]
[WhiteElo "2238"]
[BlackElo "2216"]
[EventDate "2003.08.17"]
[PlyCount "126"]

1.e4 g6 2.d4 Bg7 3.Be3 d6 4.Qd2 c5 5.c3 Nf6 6.f3 b6 7.dxc5 bxc5 8.e5 dxe5 
9.Qxd8+ Kxd8 10.Bxc5 Nbd7 11.Ba3 Nd5 12.Bd3 f5 13.Nh3 Bh6 14.O-O Ne3 15.
Re1 e4 16.f4 Nd5 17.Bb5 Nxf4 18.Nxf4 Bxf4 19.c4 Bd6 20.Bxd6 exd6 21.Rd1 
Ke7 22.Nc3 Bb7 23.Rxd6 Kxd6 24.Rd1+ Ke6 25.Rxd7 Ba6 26.Rd1 Bxb5 27.Nxb5 
Rhc8 28.b3 a5 29.Nd6 Rd8 30.c5 Ra6 31.a3 Rc6 32.b4 axb4 33.axb4 Rdxd6 34.
cxd6 Rxd6 35.Ra1 Rd7 36.Kf2 Rb7 37.Rb1 Kd5 38.Ke3 Kc4 39.Rc1+ Kd5 40.Rd1+ 
Ke5 41.Rb1 f4+ 42.Ke2 g5 43.h3 h6 44.b5 Rb6 45.Rb3 h5 46.g3 Kf5 47.Kf2 e3+
48.Kf3 g4+ 49.hxg4+ hxg4+ 50.Ke2 Rh6 51.gxf4 Rh2+ 52.Kd3 Kxf4 53.b6 Rd2+ 
54.Kc4 e2 55.b7 Rd8 56.Rb1 Kf3 57.Ra1 Kf2 58.Ra8 e1=Q 59.Rxd8 Qe4+ 60.Rd4 
Qc6+ 61.Kd3 Qb5+ 62.Kc2 Qxb7 63.Rxg4 Qc8+ 0-1

[Event "2nd American Continental"]
[Site "Buenos Aires ARG"]
[Date "2003.08.28"]
[Round "10"]
[White "Mieles Palau, Daniel"]
[Black "Burgos, Carlos"]
[Result "1-0"]
[WhiteElo "2468"]
[BlackElo "2335"]
[EventDate "2003.08.17"]
[PlyCount "97"]

1.e4 Nc6 2.d4 e5 3.Nf3 exd4 4.Nxd4 Nf6 5.Nxc6 bxc6 6.e5 Qe7 7.Qe2 Nd5 8.c4
Ba6 9.b3 Qh4 10.a3 Nf4 11.Qe4 Ng6 12.Qxh4 Nxh4 13.Nd2 c5 14.Bb2 Bb7 15.f3 
Be7 16.Kf2 Bg5 17.Rd1 Nf5 18.Bd3 Be3+ 19.Ke2 Bd4 20.Rb1 Bxb2 21.Rxb2 Nd4+ 
22.Kf2 O-O 23.b4 cxb4 24.axb4 f6 25.exf6 Rxf6 26.Be4 Bxe4 27.Nxe4 Rc6 28.
c5 Nb5 29.Rd1 d6 30.Rd5 h6 31.Ra2 a6 32.Ra5 Rb8 33.f4 Kf7 34.f5 Re8 35.Kf3
Re7 36.g4 g6 37.h4 gxf5 38.gxf5 Re5 39.Rxe5 dxe5 40.Kg4 Nd4 41.Ra2 Kg7 42.
Rf2 a5 43.bxa5 Ra6 44.f6+ Kf7 45.Kh5 Rxa5 46.Kxh6 Ne6 47.Kh5 Nf4+ 48.Kg4 
Ra3 49.Kf5 1-0

[Event "2nd American Continental"]
[Site "Buenos Aires ARG"]
[Date "2003.08.28"]
[Round "10"]
[White "Monier, Raul"]
[Black "Garcia, Gildardo"]
[Result "1-0"]
[WhiteElo "2405"]
[BlackElo "2473"]
[EventDate "2003.08.17"]
[PlyCount "89"]

1.d4 Nf6 2.c4 g6 3.Nc3 d5 4.Nf3 Bg7 5.cxd5 Nxd5 6.e4 Nxc3 7.bxc3 c5 8.Be3 
O-O 9.Rc1 Qa5 10.Qd2 Nd7 11.Bd3 Nf6 12.O-O Bg4 13.Ne5 Rad8 14.Nc4 Qa4 15.
f3 Bc8 16.Qc2 Qxc2 17.Bxc2 b6 18.Rfd1 Ba6 19.Bd3 cxd4 20.cxd4 Rc8 21.Ne5 
Bxd3 22.Nxd3 e6 23.Ne5 Rfe8 24.Nc6 Rc7 25.Bf4 Rd7 26.Ne5 Rb7 27.g4 h5 28.
g5 Nh7 29.h4 Nf8 30.Nc4 Rd7 31.Nd6 Red8 32.e5 Nh7 33.Rc6 Bf8 34.Rdc1 Be7 
35.Kf2 f6 36.gxf6 Nxf6 37.Nc8 Nd5 38.Nxe7+ Nxe7 39.Rxe6 Kf7 40.Rf6+ Kg7 
41.Bg5 Rxd4 42.Rc7 R8d7 43.Rxd7 Rxd7 44.e6 Rd2+ 45.Ke1 1-0

[Event "2nd American Continental"]
[Site "Buenos Aires ARG"]
[Date "2003.08.28"]
[Round "10"]
[White "Morgado, Juan Sebastian"]
[Black "Liascovich, Lucas"]
[Result "0-1"]
[WhiteElo "2275"]
[BlackElo "2310"]
[EventDate "2003.08.17"]
[PlyCount "60"]

1.e4 Nc6 2.d4 e5 3.dxe5 Nxe5 4.Nc3 Bb4 5.Bd2 d6 6.f4 Ng6 7.Nf3 Nf6 8.f5 
Ne5 9.Nxe5 dxe5 10.Qf3 Qe7 11.O-O-O Bd7 12.g4 Bc6 13.Bb5 O-O-O 14.Bxc6 
bxc6 15.g5 Nd7 16.f6 gxf6 17.gxf6 Qe6 18.Qe2 Kb8 19.Kb1 Nxf6 20.Na4 Rxd2 
21.Rxd2 Bxd2 22.Qxd2 Qc4 23.b3 Nxe4 24.Qa5 Qb5 25.Qe1 f5 26.Nb2 Qb7 27.Rf1
Qc8 28.Qa5 Re8 29.Kc1 Qd7 30.Re1 Qd4 0-1

[Event "2nd American Continental"]
[Site "Buenos Aires ARG"]
[Date "2003.08.28"]
[Round "10"]
[White "Needleman, Gaston"]
[Black "Andrade, Roberto Luiz Costa"]
[Result "1-0"]
[WhiteElo "2155"]
[BlackElo "2309"]
[EventDate "2003.08.17"]
[PlyCount "59"]

1.d4 d5 2.Nf3 Nf6 3.Bf4 Bg4 4.Ne5 Bh5 5.h3 Nfd7 6.g4 Nxe5 7.Bxe5 Bg6 8.Bg2
e6 9.O-O h5 10.c4 hxg4 11.hxg4 Bd6 12.cxd5 Bxe5 13.dxe5 Qh4 14.Qa4+ c6 15.
Rd1 Qh2+ 16.Kf1 Qxe5 17.dxc6 Nxc6 18.Bxc6+ bxc6 19.Qxc6+ Ke7 20.Rd7+ Kf6 
21.Nc3 Rac8 22.Qf3+ Kg5 23.Rad1 Rc5 24.R1d4 a5 25.Qg2 Kf6 26.f4 Qe3 27.g5+
Kf5 28.Rd3 Qc1+ 29.Kf2 Bh5 30.Qe4+ 1-0

[Event "2nd American Continental"]
[Site "Buenos Aires ARG"]
[Date "2003.08.28"]
[Round "10"]
[White "Nogueiras Santiago, Jesus"]
[Black "Rosito, Jorge"]
[Result "1-0"]
[WhiteElo "2521"]
[BlackElo "2426"]
[EventDate "2003.08.17"]
[PlyCount "75"]

1.d4 Nf6 2.Nf3 e6 3.Bg5 c5 4.e3 Be7 5.dxc5 Bxc5 6.c4 b6 7.Nc3 Bb7 8.Be2 
Be7 9.O-O O-O 10.Nd4 a6 11.Bf3 Qc7 12.Rc1 d6 13.Bxb7 Qxb7 14.f4 Nbd7 15.f5
e5 16.Bxf6 Nxf6 17.Qf3 Qxf3 18.Nxf3 d5 19.Nxd5 Nxd5 20.cxd5 Bc5 21.Kf2 
Rad8 22.Rfd1 Rfe8 23.Ng5 e4 24.Rc4 Re5 25.g4 Rexd5 26.Rxd5 Rxd5 27.Nxe4 
Bf8 28.Rd4 Rb5 29.b3 h5 30.h3 Be7 31.Kf3 h4 32.Rd7 Re5 33.Rb7 b5 34.Kf4 f6
35.g5 Bd8 36.Rb8 Re8 37.Kf3 Rf8 38.g6 1-0

[Event "2nd American Continental"]
[Site "Buenos Aires ARG"]
[Date "2003.08.28"]
[Round "10"]
[White "Orsini, Antonio"]
[Black "Delgado, Alberto"]
[Result "0-1"]
[WhiteElo "2181"]
[BlackElo "2310"]
[EventDate "2003.08.17"]
[PlyCount "56"]

1.e4 e6 2.d4 d5 3.Nc3 Nf6 4.Bg5 Bb4 5.e5 h6 6.Bd2 Bxc3 7.bxc3 Ne4 8.Qg4 
Kf8 9.Bd3 Nxd2 10.Kxd2 c5 11.h4 Nc6 12.Rh3 c4 13.Bf1 b5 14.Ne2 Bd7 15.Nf4 
Ne7 16.Nh5 Rg8 17.a3 a5 18.Qf4 b4 19.axb4 axb4 20.Rxa8 bxc3+ 21.Rxc3 Qxa8 
22.Be2 Qa5 23.Qe3 Nf5 24.Qf4 Qa7 25.g4 Nxd4 26.Qe3 Ke7 27.Ra3 Qc5 28.Bd1 
Nb3+ 0-1

[Event "2nd American Continental"]
[Site "Buenos Aires ARG"]
[Date "2003.08.28"]
[Round "10"]
[White "Perdomo, Leandro"]
[Black "Giardelli, Sergio Carlos"]
[Result "0-1"]
[WhiteElo "2304"]
[BlackElo "2437"]
[EventDate "2003.08.17"]
[PlyCount "62"]

1.d4 Nf6 2.c4 c5 3.d5 b5 4.Nf3 g6 5.cxb5 a6 6.e4 Nxe4 7.Qc2 Nf6 8.Qxc5 Bg7
9.Nc3 d6 10.Qb4 O-O 11.Be3 axb5 12.Bxb5 Bb7 13.Qb3 Na6 14.O-O Qa5 15.Rad1 
Rfc8 16.a4 Qb4 17.Qa2 Ne4 18.Bd4 Bxd4 19.Rxd4 Nxc3 20.bxc3 Qxc3 21.Qe2 Rc7
22.Qe4 e5 23.Rd3 Qb4 24.Qe3 Nc5 25.Rdd1 Nxa4 26.Rb1 Qc5 27.Qh6 Nc3 28.Ng5 
f6 29.Ne6 Qxd5 30.Qh3 Re7 31.Rfc1 Nxb5 0-1